00866cam a2200253 a 450000500170000000800410001701500080005802000150006604000370008104100080011808200170012610000380014324501400018126000450032130000330036650400420039965000120044165000230045365000260047665000260050265000150052870000340054370000350057720160222123220.0090821s2000 ck a r 000 0 spa d aSSN a9586980510 aCO-BoPUJcCO-BoIAVH dCO-BoIAVH 0 aspa04a582.16bA23b1 aAcero Duarte, Luis Enriqued1952-10aMuestra agroindustrial de especies promisorias - BiocabcLuis Enrique Acero duarte, Henry Yesid Bernal y Leonor Rodríguez Montenegro. aBogotábConvenio Andrés Belloc2000. a77 p.bIlustracionesc21 cm. aIncluye referencias bibliográficas.14aArboles24aRecursos naturales24aAlimentos funcionales24aCultivos alimenticios24aRecetarios1 aBernal Malagón, Henry Yesid1 aRodríguez Montenegro, Leonor